| 000 | 004650000a22001570004500 | ||
|---|---|---|---|
| 003 | MACL | ||
| 005 | 20170623130041.0 | ||
| 008 | 170623b xxu||||| |||| 00| 0 eng d | ||
| 040 | _cmacl | ||
| 100 |
_aपुरी ,मनाेहर _967769 |
||
| 245 | _aपर्वताराेहण का राेमांच | ||
| 260 |
_bभ्ाारत सरकार _c2007 |
||
| 350 | _a110 | ||
| 650 |
_aयात्रा _967770 |
||
| 942 |
_cHIN _k910 _2ddc |
||
| 999 |
_c21891 _d21891 |
||